00581nam a22001577a 4500020001800000040000900018082001500027100006300042110003500105245005900140260003300199650005600232942001200288999001900300952010400319 a9789811561351 cNUST a005.7bQAM aQAMAR, USMAN 9125400 aRAZA, MUHAMMAD SUMMAIR9125401 aData Science Concepts and Techniques with Applications aSINGAPORE:bSpringer,c2020. aIntroduction.- Applications of Data Science9125402 2ddccBK c611151d611151 00102ddc4070aCEMEbCEMEcGENd2024-08-28l0o005.7 QAMpCEME- 50945r2024-08-28w2024-08-28yBK